<?xml version="1.0" encoding="UTF-8"?>
<record
    xmlns:xsi="http://www.w3.org/2001/XMLSchema-instance"
    xsi:schemaLocation="http://www.loc.gov/MARC21/slim http://www.loc.gov/standards/marcxml/schema/MARC21slim.xsd"
    xmlns="http://www.loc.gov/MARC21/slim">

  <leader>01635nam a2200205Ia 4500</leader>
  <controlfield tag="003">SEM</controlfield>
  <controlfield tag="005">20241010103639.0</controlfield>
  <controlfield tag="008">141116s1700    pl ||||gr||||||01|||arm|d</controlfield>
  <datafield tag="040" ind1=" " ind2=" ">
    <subfield code="a">SEM</subfield>
    <subfield code="c">SEM</subfield>
  </datafield>
  <datafield tag="041" ind1="0" ind2=" ">
    <subfield code="a">arm</subfield>
  </datafield>
  <datafield tag="245" ind1=" " ind2=" ">
    <subfield code="a">&#x531;&#x57D;&#x57F;&#x578;&#x582;&#x561;&#x56E;&#x561;&#x577;&#x578;&#x582;&#x576;&#x579; &#x589; &#x546;&#x578;&#x580; &#x53F;&#x57F;&#x561;&#x56F;&#x561;&#x580;&#x561;&#x576; &#x589; &#x532; - &#x533;&#x578;&#x580;&#x56E;&#x584; &#x531;&#x57C;&#x561;&#x584;&#x565;&#x56C;&#x578;&#x581;. &#x539;&#x578;&#x582;&#x572;&#x569;&#x584; &#x535;&#x580;&#x561;&#x576;&#x565;&#x56C;&#x578;&#x575;&#x576; &#x54A;&#x585;&#x572;&#x578;&#x57D;&#x56B; &#x531;&#x57C;&#x561;&#x584;&#x565;&#x56C;&#x578;&#x575; &#x589; &#x539;&#x578;&#x582;&#x572;&#x569;&#x584; &#x53F;&#x561;&#x569;&#x578;&#x582;&#x572;&#x56B;&#x56F;&#x565;&#x561;&#x575;&#x581;: &#x54F;&#x565;&#x57D;&#x56B;&#x56C;&#x584; &#x545;&#x585;&#x570;&#x561;&#x576;&#x576;&#x578;&#x582; /</subfield>
  </datafield>
  <datafield tag="260" ind1=" " ind2=" ">
    <subfield code="a">&#x545;&#x561;&#x574;&#x57D;&#x57F;&#x567;&#x56C;&#x580;&#x585;&#x564;&#x561;&#x574; &#x589;   </subfield>
    <subfield code="a">[&#x531;&#x574;&#x57D;&#x57F;&#x565;&#x580;&#x564;&#x561;&#x574;] &#x589;   </subfield>
    <subfield code="b">&#x57F;&#x57A;. &#x539;&#x578;&#x57E;&#x574;&#x561;&#x57D; &#x54E;&#x561;&#x576;&#x561;&#x576;&#x564;&#x565;&#x581;&#x578;&#x582;,</subfield>
    <subfield code="c">1698-1700.</subfield>
  </datafield>
  <datafield tag="300" ind1=" " ind2=" ">
    <subfield code="a">537 &#x567;&#x57B; ;</subfield>
    <subfield code="b">&#x576;&#x56F;&#x2024; ; </subfield>
    <subfield code="c">&#x547;&#x561;&#x580;&#x57E;. &#x579;&#x561;&#x583;&#x568; &#x577;&#x580;&#x57B;&#x561;&#x576;&#x561;&#x56F;&#x578;&#x57E;&#x55D; 11,2X6,1 &#x57D;&#x574;</subfield>
    <subfield code="c">14 &#x57D;&#x574;</subfield>
  </datafield>
  <datafield tag="500" ind1=" " ind2=" ">
    <subfield code="a">432, 1 &#x579;&#x570;, 537 (=970) &#x563;&#x56E;&#x561;&#x583;&#x561;&#x56F; &#x567;&#x57B;&#x589; &#x54F;&#x561;&#x57D;&#x576;&#x565;&#x580;&#x56F;&#x578;&#x582;&#x56E;&#x561;&#x56C;, &#x574;&#x561;&#x574;&#x578;&#x582;&#x56C;&#x561;&#x576;&#x56B;&#x577;&#x565;&#x580;&#x568; &#x570;&#x561;&#x575;&#x561;&#x57F;&#x561;&#x57C; &#x587; &#x561;&#x580;&#x561;&#x562;&#x561;&#x56F;&#x561;&#x576; &#x569;&#x57E;&#x561;&#x576;&#x577;&#x561;&#x576;&#x576;&#x565;&#x580;&#x578;&#x57E;&#x589; &#x547;&#x561;&#x580;&#x57E;. &#x579;&#x561;&#x583;&#x568; &#x577;&#x580;&#x57B;&#x561;&#x576;&#x561;&#x56F;&#x578;&#x57E;&#x55D; 11.2x6.1 &#x57D;&#x574;&#x589; &#x537;&#x57B;&#x561;&#x56D;&#x578;&#x580;&#x561;&#x563;&#x580;&#x565;&#x580;&#x578;&#x57E; &#x587; &#x56C;&#x578;&#x582;&#x57D;&#x561;&#x576;&#x581;&#x561;&#x576;&#x56B;&#x577;&#x565;&#x580;&#x578;&#x57E;&#x589; &#x54F;&#x56B;&#x57F;&#x572;&#x569;. &#x563;&#x56E;&#x561;&#x583;&#x561;&#x56F;&#x589; 15 &#x583;&#x578;&#x580;&#x561;&#x563;&#x56B;&#x580; &#x57A;&#x561;&#x57F;&#x56F;&#x565;&#x580;, 132-&#x580;&#x564; &#x567;&#x57B;&#x56B; &#x57A;&#x561;&#x57F;&#x56F;&#x565;&#x580;&#x56B; &#x57E;&#x580;&#x561; &#x583;&#x578;&#x580;&#x561;&#x563;&#x580;&#x578;&#x572;&#x56B;&#x55D; &#x554;&#x580;&#x56B;&#x57D;&#x57F;&#x578;&#x586;&#x565;&#x56C; &#x57E;&#x561;&#x576; &#x536;&#x56B;&#x56D;&#x565;&#x574;&#x56B; &#x561;&#x576;&#x57E;&#x561;&#x576;&#x561;&#x57F;&#x561;&#x57C;&#x565;&#x580;&#x568;&#x589; &#x533;&#x56C;&#x56D;&#x561;&#x566;&#x561;&#x580;&#x564;&#x565;&#x580; &#x587; &#x57E;&#x565;&#x580;&#x57B;&#x561;&#x566;&#x561;&#x580;&#x564;&#x565;&#x580;&#x589; &#x532;&#x576;&#x561;&#x563;&#x56B;&#x580;&#x568; 8 &#x56F;&#x565;&#x57F;&#x561;&#x579;&#x561;&#x583;&#x56B; &#x562;&#x578;&#x56C;&#x578;&#x580;&#x561;&#x563;&#x580;&#x578;&#x57E;, &#x585;&#x563;&#x57F;&#x561;&#x563;&#x578;&#x580;&#x56E;&#x57E;&#x561;&#x56E; &#x565;&#x576; &#x576;&#x561;&#x587; &#x576;&#x578;&#x57F;&#x580;&#x563;&#x56B;&#x580; &#x587; &#x563;&#x56C;&#x56D;&#x561;&#x563;&#x580;&#x565;&#x580;&#x589;</subfield>
  </datafield>
  <datafield tag="650" ind1=" " ind2=" ">
    <subfield code="a">&#x531;&#x57D;&#x57F;&#x57E;&#x561;&#x56E;&#x561;&#x577;&#x578;&#x582;&#x576;&#x579;</subfield>
    <subfield code="x">&#x546;&#x578;&#x580; &#x53F;&#x57F;&#x561;&#x56F;&#x561;&#x580;&#x561;&#x576;</subfield>
  </datafield>
  <datafield tag="650" ind1=" " ind2=" ">
    <subfield code="a">&#x546;&#x578;&#x580; &#x53F;&#x57F;&#x561;&#x56F;&#x561;&#x580;&#x561;&#x576;</subfield>
    <subfield code="x">&#x533;&#x578;&#x580;&#x56E;&#x584; &#x561;&#x57C;&#x561;&#x584;&#x565;&#x56C;&#x578;&#x581;</subfield>
  </datafield>
  <datafield tag="653" ind1=" " ind2=" ">
    <subfield code="a">&#x54D;&#x537;&#x544;</subfield>
  </datafield>
  <datafield tag="856" ind1=" " ind2=" ">
    <subfield code="u">http://greenstone.flib.sci.am/gsdl/collect/armenian/Books/nor_ktakaran_index.html</subfield>
    <subfield code="y">&#x53F;&#x561;&#x580;&#x564;&#x561;&#x56C; &#x561;&#x57C;&#x581;&#x561;&#x576;&#x581;</subfield>
  </datafield>
  <datafield tag="942" ind1=" " ind2=" ">
    <subfield code="2">ddc</subfield>
    <subfield code="c">BK</subfield>
  </datafield>
  <datafield tag="999" ind1=" " ind2=" ">
    <subfield code="c">52707</subfield>
    <subfield code="d">52707</subfield>
  </datafield>
  <datafield tag="952" ind1=" " ind2=" ">
    <subfield code="0">0</subfield>
    <subfield code="1">0</subfield>
    <subfield code="2">ddc</subfield>
    <subfield code="4">0</subfield>
    <subfield code="7">0</subfield>
    <subfield code="8">&#x540;&#x576;&#x561;&#x57F;&#x56B;&#x57A; &#x586;&#x578;&#x576;&#x564;</subfield>
    <subfield code="a">SEM</subfield>
    <subfield code="b">SEM</subfield>
    <subfield code="d">2015-09-16</subfield>
    <subfield code="g">93045.00</subfield>
    <subfield code="i">&#x540;&#x576;&#x57F;-14</subfield>
    <subfield code="l">0</subfield>
    <subfield code="o">&#x540;&#x576;&#x57F;-14</subfield>
    <subfield code="p">&#x540;&#x576;&#x57F;-14</subfield>
    <subfield code="r">2015-09-16</subfield>
    <subfield code="w">2015-09-16</subfield>
    <subfield code="y">RB</subfield>
    <subfield code="z">&#x549;&#x56B; &#x57D;&#x57A;&#x561;&#x57D;&#x561;&#x580;&#x56F;&#x57E;&#x578;&#x582;&#x574;</subfield>
  </datafield>
</record>
